Congress : (Record no. 14308)

000 -LEADER
fixed length control field 00400cam a2200145 a 4500
020 ## - INTERNATIONAL STANDARD BOOK NUMBER
ISBN 0697146332 (pbk.)
040 ## - CATALOGING SOURCE
Transcribing agency DLC
082 ## - DEWEY DECIMAL CLASSIFICATION NUMBER
Classification number 328 BRO 1995 A067 Or.
100 1# - MAIN ENTRY--AUTHOR NAME
Personal name Frantzich, Stephen E.
245 10 - TITLE STATEMENT
Title Congress :
Remainder of title games and strategies /
260 ## - PUBLICATION, DISTRIBUTION, ETC. (IMPRINT)
Place of publication Madison :
Name of publisher Brown & Benchmark Publishers,
Year of publication c1995.
300 ## - PHYSICAL DESCRIPTION
Number of Pages xvi, 315 p. :
Other physical details ill. ;
Dimensions 24 cm.
700 1# - ADDED ENTRY--PERSONAL NAME
Personal name Schier, Steven E.
942 ## - ADDED ENTRY ELEMENTS (KOHA)
Koha item type សៀវភៅភាសាអង់គ្លេស
952 ## - LOCATION AND ITEM INFORMATION (KOHA)
Withdrawn status [LOCAL, KOHA] 0
Holdings
Permanent Location Date acquired Koha item type Lost status Shelving location Barcode Current Location Full call number
Library Block A2017-10-12សៀវភៅភាសាអង់គ្លេស A073A07359Library Block A328 BRO 1995 A073 Or.
មជ្ឈមណ្ឌលឯការនៃសាកលវិទ្យាល័យភូមិន្ទកសិកម្មចំការដូង

Powered by Koha